000 00677nam a2200265Ia 4500
005 20260121114440.0
008 008 260114s9999 xx 000 0 eng d
020 _a9788126581924
037 _aEBOOK
040 _aCRL
040 _beng
040 _cCRL
041 _2eng
041 _aeng
084 _qCRL
100 _aSivanandam
_9975237
245 0 _aMATLAB with Control System, Signal Processing and Image Processing Toolboxes
260 _bWiley
260 _c2016
650 _aElectrical & Electronics
_9975238
856 _uhttps://ebooks.wileyindia.com/product-details/284532
942 _cEBOOK
999 _c1554233
_d1554233